| 000 | 01059nam a22003495b 4500 | ||
|---|---|---|---|
| 001 | 0003512 | ||
| 003 | DO-SdBNP | ||
| 005 | 20180130093951.0 | ||
| 007 | 0003512 | ||
| 008 | 930924s1993 sp | |||| ||spa | ||
| 016 | 7 |
_a _2 BPMSU |
|
| 017 |
_a _b |
||
| 020 | _a8420749192 | ||
| 035 | _a | ||
| 040 |
_aBPMSU _bspa _cBPMSU _e |
||
| 041 | 1 |
_aspa _h |
|
| 080 | 0 | _a | |
| 082 |
_aI813.5 _bL847l |
||
| 100 | 1 |
_aLondon, Jack, _d1876-1916. |
|
| 240 | 1 | 4 |
_aThe sea wolf _lEspañol |
| 245 | 1 | 3 |
_aEl lobo de mar / _cJack London ; traducción y notas, Juan Fernando Merino ; introducción y apéndice, Juan Tébar ; ilustración, José Luis García Morán. _h |
| 250 | _a | ||
| 260 |
_aMadrid : _bGrupo Anaya, _c1993 |
||
| 300 |
_a366 p. _bil. _c20 cm |
||
| 490 | 1 |
_aTus libros _aMarineros ; _v126 |
|
| 700 | 1 | 2 |
_aMerino, Juan Fernando, _etr. |
| 700 | 1 | 2 |
_aGarcía Morán, José Luis, _4il. |
| 830 | 0 |
_aTus libros _pMarineros ; _v126 |
|
| 942 |
_2ddc _cBK |
||
| 945 | _aInventariado, 2018 /LP | ||
| 956 |
_aVMATEO _b10 _c20160715 _dBPMSU _f00069 |
||
| 999 |
_c10889 _d10889 |
||